000 00282nam a2200133Ia 4500
100 _aHigdon/A etc
942 _cBK
654 _aMechanics
245 _aMechanics of materials
260 _bJohn Wiley
_aNEWYORK
_c1985
082 _a620.1
_bPAN
546 _aENGLISH
999 _c18001
_d18001